00631 2200217 4500001002100000005001700021008004100038035002400079082001100103090001800114100002000132245010300152250001000255260003300265300003100298650003500329850001500364980001300379985000600392999001500398YOGYA-0209000003239720090227024659.0 ind  0010-020900000032397 a808.83 a808.83bSim L aSIMATUPANG, T.B aLaporan dari Banaranbkisah pengalaman seorang prajurit selama perang kemerdekaancT.B. Simatupang aCet.1 aJakartabSinar Harapanc1980 axxii, 277 hlmbilusc21 cm aT.B. Simatupang - Bunga rampai aYOPDYOG(M) a13-12-06 a1 a06A0019003